<?xml version="1.0" encoding="UTF-8"?>
<record
    xmlns:xsi="http://www.w3.org/2001/XMLSchema-instance"
    xsi:schemaLocation="http://www.loc.gov/MARC21/slim http://www.loc.gov/standards/marcxml/schema/MARC21slim.xsd"
    xmlns="http://www.loc.gov/MARC21/slim">

  <leader>00690nam a22002057a 4500</leader>
  <controlfield tag="003">OSt</controlfield>
  <controlfield tag="005">20250819101412.0</controlfield>
  <controlfield tag="008">250807b        |||||||| |||| 00| 0 eng d</controlfield>
  <datafield tag="020" ind1=" " ind2=" ">
    <subfield code="a">978-84-672-4910-1</subfield>
  </datafield>
  <datafield tag="040" ind1=" " ind2=" ">
    <subfield code="c">Biblioteca de ejemplo</subfield>
  </datafield>
  <datafield tag="100" ind1=" " ind2=" ">
    <subfield code="a">Ruiz Zaf&#xF3;n, Carlos</subfield>
    <subfield code="d">(1964-2020)</subfield>
    <subfield code="9">14</subfield>
    <subfield code="e">autor</subfield>
  </datafield>
  <datafield tag="245" ind1="0" ind2="3">
    <subfield code="a">El prisionero del cielo</subfield>
    <subfield code="b">: </subfield>
    <subfield code="c">/ Carlos Ruiz Zaf&#xF3;n; [colaboradora, Carmen Estrella Delgado Mar&#xED;a]</subfield>
  </datafield>
  <datafield tag="250" ind1=" " ind2=" ">
    <subfield code="a">5&#xAA; ed.</subfield>
  </datafield>
  <datafield tag="260" ind1=" " ind2=" ">
    <subfield code="a">Barcelona</subfield>
    <subfield code="b">C&#xED;rculo de Lectores</subfield>
    <subfield code="c">D.L. 2012</subfield>
  </datafield>
  <datafield tag="300" ind1=" " ind2=" ">
    <subfield code="a">379 p.</subfield>
    <subfield code="b">il.</subfield>
    <subfield code="c">24 cm</subfield>
  </datafield>
  <datafield tag="490" ind1="0" ind2=" ">
    <subfield code="a">El cementerio de los libros olvidados</subfield>
  </datafield>
  <datafield tag="650" ind1=" " ind2="0">
    <subfield code="a">Novela de suspense</subfield>
    <subfield code="9">16</subfield>
  </datafield>
  <datafield tag="700" ind1=" " ind2=" ">
    <subfield code="a">Delgado Mar&#xED;a, Carmen Estrella</subfield>
    <subfield code="d">(1962-)</subfield>
    <subfield code="9">15</subfield>
  </datafield>
  <datafield tag="942" ind1=" " ind2=" ">
    <subfield code="2">ddc</subfield>
    <subfield code="c">MO</subfield>
    <subfield code="n">0</subfield>
  </datafield>
  <datafield tag="999" ind1=" " ind2=" ">
    <subfield code="c">6</subfield>
    <subfield code="d">6</subfield>
  </datafield>
  <datafield tag="952" ind1=" " ind2=" ">
    <subfield code="0">0</subfield>
    <subfield code="1">0</subfield>
    <subfield code="2">ddc</subfield>
    <subfield code="4">0</subfield>
    <subfield code="7">0</subfield>
    <subfield code="a">CPL</subfield>
    <subfield code="b">CPL</subfield>
    <subfield code="d">2025-08-07</subfield>
    <subfield code="l">1</subfield>
    <subfield code="o">N RUI pri</subfield>
    <subfield code="p">009050</subfield>
    <subfield code="r">2025-08-08 11:45:14</subfield>
    <subfield code="s">2025-08-08</subfield>
    <subfield code="w">2025-08-07</subfield>
    <subfield code="y">MO</subfield>
  </datafield>
</record>
